|
|
|
|
| LEADER |
00000nab a2200000 a 4500 |
| 001 |
vtls000744990 |
| 003 |
SK-MaSNL |
| 005 |
20260305032435.0 |
| 008 |
180206c2000 xo 0 slo |
| 015 |
|
|
|a SNBRB2001/01-00637
|
| 035 |
|
|
|a CLN000096826
|
| 040 |
|
|
|a SNKBUCL
|b slo
|c SNKBUCL
|e AACR2
|
| 041 |
0 |
|
|a slo
|
| 044 |
|
|
|a xo
|c SK
|
| 080 |
|
|
|a 793.31.091.4
|2 UDC-MRF-SK2
|
| 080 |
|
|
|a 784.4
|2 UDC-MRF-SK2
|
| 100 |
1 |
|
|a Šuľa, Tibor
|4 aut
|9 777300
|
| 245 |
1 |
0 |
|a Nová prehliadka ľudového umenia
|b premiéra Ružomberského folklórneho festivalu
|c Tibor Šuľa
|
| 300 |
|
|
|b Fotogr.
|
| 611 |
1 |
7 |
|a Ružomberský folklórny festival
|n 1.
|d 2000
|c Ružomberok, Slovensko
|2 snkbucl
|9 1611752
|
| 651 |
|
7 |
|a Ružomberok (Slovensko : okres)
|2 snkbucl
|9 51838
|
| 655 |
|
7 |
|a články z novín a časopisov
|2 snkbucl
|9 267496
|
| 773 |
0 |
|
|x 1335-4515
|t Národná osveta
|g Roč. 10, č. 21-22 (2000)
|
| 773 |
0 |
|
|x 1335-4515
|t [Príl.] Folklór
|g Roč. 6, č. 6 (2000), s. 5-6
|
| 850 |
|
|
|a Slovenská národná knižnica v Martine
|
| 852 |
|
|
|a SNK
|b KIS3GCP
|
| 958 |
|
|
|a RBX
|
| 999 |
|
|
|c 3320113
|d 3322043
|